MARC

LEADER 00000nam0a2200000 4500
001 2637
005 20231030174038.0
035 |a (RuTPU)RU\TPU\book\2650 
035 |a BOOK00002657 
090 |a 2637 
100 |a 20011209d1996 k y0rusy50 ca 
101 0 |a rus 
102 |a RU 
105 |a y z 000zy 
200 1 |a Новое в социальной практике  |f Российская академия наук; Институт социологии 
210 |a Москва  |d 1996 
215 |a 156 с. 
610 1 |a социология 
610 1 |a социальные системы 
610 1 |a общество 
686 |a С55  |v LBC/SL-A  |2 rubbk 
712 0 2 |a Российская академия наук (РАН)  |b Институт социологии (ИС)  |c (Москва)  |2 stltpush  |3 (RuTPU)RU\TPU\col\11828 
801 0 |a RU  |b 63413507  |c 20011209  |g PSBO 
801 2 |a RU  |b 63413507  |c 20220408  |g PSBO 
942 |c BK